Quel est cet endroit ? n°3 - Statistiques

Statistiques générales
  • Ce quiz a été pris 59 fois
  • Le résultat moyen est 5 sur 15
Statistiques - réponses
Par images Hint Réponse % Correct
lieu célèbre Taj Mahal
88%
Volcan Etna
81%
Quartier Hollywood
63%
Route Route 66
63%
Pays Burundi
46%
Fleuve Nil
31%
Region Alaska
29%
Lieu célèbre Buckingham Palace
27%
Desert Namib
21%
Ville Bangkok
15%
Ville Barcelone
12%
Pays Iles Salomon
12%
Sommet Aconcagua
6%
Parc national Badlands
0%
Ville Johannesburg
0%
Aucun quiz correspondant
Distribution des résultats
% des personnes avec chaque résultat
Percentile par nombre de réponses
Votre historique - résultats
Vous n’avez pas pris ce quiz